[Event "Autumn Tournament 2016"]
[Site "SchemingMind.com"]
[Date "2016.09.04"]
[Round "-"]
[White "David Perna-Fraser"]
[Black "smothered mate"]
[Result "1-0"]
[WhiteCountry "CAN"]
[BlackCountry "POL"]
[WhiteElo "2328"]
[WhiteRD "74"]
[BlackElo "1976"]
[BlackRD "73"]
[GameID "403380"]

1. e4 e6 2. d4 d5 3. exd5 exd5 4. Nf3 Bd6 5. Bd3 Ne7 6. O-O O-O 7. Re1 c6 8. Nc3 Bf5 9. Bxf5 Nxf5 10. Qd3 Qf6
11. Bg5 Qg6 12. Ne2 f6 13. Nf4 Bxf4 14. Bxf4 Nd7 15. Re2 Rfe8 16. Rae1 Kf8 17. h3 Nb6 18. g4 Nh6 19. Qxg6 hxg6 20. Bd6+ Kf7
21. Re7+ Rxe7 22. Rxe7+ Kg8 23. Rxb7 Nc4 24. Bc5 a5 25. b3 Nb2 26. a4 Nd1 27. Kf1 Nc3 28. Ra7 Re8 29. Rxa5 Re2 30. Bb4 Rxc2
31. Ne1 Rc1 32. Rc5 Na2 33. Rxc1 Nxc1 34. a5 Nxb3 35. a6 Nxd4 36. a7
1-0

[Event "Autumn Tournament 2016"]
[Site "SchemingMind.com"]
[Date "2016.09.05"]
[Round "-"]
[White "black cloud"]
[Black "David Perna-Fraser"]
[Result "0-1"]
[WhiteCountry "ENG"]
[BlackCountry "CAN"]
[WhiteElo "1839"]
[WhiteRD "99"]
[BlackElo "2361"]
[BlackRD "76"]
[GameID "403381"]

1. e4 e5 2. Bc4 Nf6 3. d3 Nc6 4. Nc3 Na5 5. Qf3 Be7 6. Nge2 O-O 7. O-O Nxc4 8. dxc4 d6 9. h3 Be6 10. b3 Nd7
11. Ng3 Bg5 12. Ba3 g6 13. Nd5 a5 14. Ne2 f5 15. exf5 Bxf5 16. Qc3 Be6 17. Ng3 b5 18. Bb2 bxc4 19. bxc4 c6 20. Ne3 Bxe3
21. Qxe3 Bxc4 22. Rfd1 d5 23. f4 exf4 24. Qd4 Qf6 25. Qxf6 Nxf6 26. Bxf6 Rxf6 27. Nh1 Re8 28. Nf2 Re2
0-1

[Event "Autumn Tournament 2016"]
[Site "SchemingMind.com"]
[Date "2016.09.05"]
[Round "-"]
[White "David Perna-Fraser"]
[Black "black cloud"]
[Result "1-0"]
[WhiteCountry "CAN"]
[BlackCountry "ENG"]
[WhiteElo "2361"]
[WhiteRD "76"]
[BlackElo "1839"]
[BlackRD "99"]
[GameID "403382"]

1. e4 e5 2. Nf3 Nc6 3. Bc4 Nf6 4. d4 exd4 5. e5 Ne4 6. Qe2 Nc5 7. O-O Ne6 8. c3 d5 9. exd6 Bxd6 10. Bg5 Be7
11. Bxe7 Qxe7 12. Rd1 O-O 13. cxd4 Qf6 14. Qe3 Na5 15. Bd3 Nf4 16. Nbd2 Nxd3 17. Qxd3 Bf5 18. Qb5 Nc6 19. d5 Nd8 20. Rac1 c6
21. dxc6 Nxc6 22. Qxb7 Nd4 23. Nxd4 Qxd4 24. Nc4 Qf6 25. Nd6 Bg6 26. Nc8 Raxc8 27. Rxc8
1-0

[Event "Autumn Tournament 2016"]
[Site "SchemingMind.com"]
[Date "2016.09.04"]
[Round "-"]
[White "fanfan_la_Tulipe"]
[Black "David Perna-Fraser"]
[Result "1/2-1/2"]
[WhiteCountry "AUT"]
[BlackCountry "CAN"]
[WhiteElo "2089"]
[WhiteRD "76"]
[BlackElo "2323"]
[BlackRD "72"]
[GameID "403383"]

1. Nf3 Nf6 2. c4 e6 3. g3 b6 4. Bg2 Bb7 5. O-O Be7 6. Nc3 O-O 7. d4 Ne4 8. Qc2 Nxc3 9. Qxc3 f5 10. b3 Bf6
11. Bb2 d6 12. Rad1 a5 13. Qd2 Nd7 14. Ne1 Bxg2 15. Nxg2 Qe7 16. f3 Bg5 17. Qd3 Bh6 18. e4 f4 19. g4 Bg5 20. a3 Rae8
21. b4 Ra8 22. Bc3 axb4 23. axb4 Ra2 24. Ra1 Rfa8 25. Rxa2 Rxa2 26. Ra1 Rxa1+ 27. Bxa1 Nf8 28. Qa3 Ng6 29. Bc3 e5 30. d5 Qe8
31. Be1 Qd8 32. Qa7 Be7 33. Kf1 h6 34. Ke2 Nh4 35. Nxh4 Bxh4 36. Bxh4 Qxh4 37. Qxc7 Qxh2+ 38. Kd3=
1/2-1/2

[Event "Autumn Tournament 2016"]
[Site "SchemingMind.com"]
[Date "2016.09.04"]
[Round "-"]
[White "David Perna-Fraser"]
[Black "fanfan_la_Tulipe"]
[Result "1-0"]
[WhiteCountry "CAN"]
[BlackCountry "AUT"]
[WhiteElo "2328"]
[WhiteRD "74"]
[BlackElo "2071"]
[BlackRD "78"]
[GameID "403384"]

1. e4 e5 2. Nf3 Nc6 3. Bc4 Nf6 4. d4 exd4 5. e5 d5 6. Bb5 Ne4 7. Nxd4 Bd7 8. Bxc6 bxc6 9. O-O Bc5 10. Be3 Bb6
11. a4 a5 12. Nd2 Nxd2 13. Qxd2 O-O 14. Nb3 Qe7 15. Rfe1 h6 16. Rad1 Qh4 17. Bc5 Rfe8 18. f4 Bg4 19. Ra1 Bf5 20. Bxb6 cxb6
21. Nd4 Bd7 22. f5 c5 23. e6 fxe6 24. fxe6 Bxa4 25. Nf3 Qb4 26. c3 Qb5 27. Qxd5 Bb3 28. Qb7 Kh7 29. e7 Rac8 30. Qe4+ Kg8
31. Nh4 Qc6 32. Qg4 Qf6 33. Re3 Qg5 34. Qxg5 hxg5 35. Nf5 Rc7 36. Rd3 Kh7 37. Re1 Bf7 38. Ree3 g6 39. Rh3+ Kg8 40. Rhg3 c4
41. Rde3 Rc6 42. Rxg5 Kh7 43. Rh3+ Kg8 44. Rh6 b5 45. h4 Rf6 46. g4 b4 47. h5 Rxf5 48. gxf5 Kg7 49. Rhxg6+
1-0

[Event "Autumn Tournament 2016"]
[Site "SchemingMind.com"]
[Date "2016.09.09"]
[Round "-"]
[White "Simon Green"]
[Black "David Perna-Fraser"]
[Result "0-1"]
[WhiteCountry "ENG"]
[BlackCountry "CAN"]
[WhiteElo "1600"]
[WhiteRD "67"]
[BlackElo "2361"]
[BlackRD "76"]
[GameID "403385"]

1. d4 Nf6 2. e3 e6 3. Bd3 b6 4. f4 Bb7 5. Nf3 Be7 6. O-O O-O 7. Nbd2 d6 8. c3 Nbd7 9. Qe1 e5 10. fxe5 dxe5
11. Nc4 e4 12. Bxe4 Bxe4 13. Nce5 Nxe5 14. Nxe5 Bd6 15. Bd2 Re8 16. Nf3 Bxf3 17. Rxf3 Ne4 18. Qe2 Re6 19. Raf1 Qh4 20. Rh3 Qe7
21. a3 Nxd2 22. Qxd2 Re8 23. Rff3 Rf6 24. Qf2 Rxf3 25. Rxf3 Qe4 26. g3 Qg6 27. h4 h5 28. Kh2 Re4 29. b4 Rxh4+ 30. Kg2 Rg4
31. Kh3 Qe6 32. Kh2 h4 33. Kh3 Rxg3+
0-1

[Event "Autumn Tournament 2016"]
[Site "SchemingMind.com"]
[Date "2016.09.09"]
[Round "-"]
[White "David Perna-Fraser"]
[Black "Simon Green"]
[Result "1-0"]
[WhiteCountry "CAN"]
[BlackCountry "ENG"]
[WhiteElo "2361"]
[WhiteRD "76"]
[BlackElo "1600"]
[BlackRD "67"]
[GameID "403386"]

1. e4 e6 2. d4 d5 3. exd5 exd5 4. Nf3 Nf6 5. Bd3 Be7 6. O-O O-O 7. h3 Nc6 8. c3 Be6 9. Re1 Qd6 10. Na3 a6
11. Nc2 Rfe8 12. Ne3 Nh5 13. Ne5 Nf6 14. f4 Ne4 15. Bxe4 Nxe5 16. fxe5 Qd7 17. Bf3 c6 18. Bg4 Bxg4 19. Qxg4 Qxg4 20. Nxg4 h5
21. Ne3 Bg5 22. Nf5 Bxc1 23. Raxc1 Re6 24. Nd6 b6 25. Rf1 Ra7 26. Rf5 g6 27. Rf3 f5 28. Rcf1 c5 29. Nxf5 cxd4 30. Nxd4 Re8
31. Rf6
1-0

[Event "Autumn Tournament 2016"]
[Site "SchemingMind.com"]
[Date "2016.09.04"]
[Round "-"]
[White "Stephen Woodhouse"]
[Black "David Perna-Fraser"]
[Result "0-1"]
[WhiteCountry "ENG"]
[BlackCountry "CAN"]
[WhiteElo "1872"]
[WhiteRD "55"]
[BlackElo "2356"]
[BlackRD "71"]
[GameID "403387"]

1. e4 e5 2. Nf3 Nf6 3. d4 Nxe4 4. Bd3 d5 5. Nxe5 Nd7 6. Nxd7 Bxd7 7. O-O Bd6 8. c4 O-O 9. cxd5 f5 10. Nd2 Nxd2
11. Bxd2 Qf6 12. Qf3 Qxd4 13. Bc3 Qh4 14. g3 Qh6 15. Rfe1 f4 16. Be5 fxg3 17. Qxg3 Bc5 18. Re2 Rae8 19. Rae1 Rxe5 20. Qxe5 Bd6
0-1

[Event "Autumn Tournament 2016"]
[Site "SchemingMind.com"]
[Date "2016.09.04"]
[Round "-"]
[White "David Perna-Fraser"]
[Black "Stephen Woodhouse"]
[Result "1-0"]
[WhiteCountry "CAN"]
[BlackCountry "ENG"]
[WhiteElo "2356"]
[WhiteRD "71"]
[BlackElo "1872"]
[BlackRD "55"]
[GameID "403388"]

1. e4 e6 2. d4 d5 3. exd5 exd5 4. Nf3 Bd6 5. Bd3 Ne7 6. O-O O-O 7. Re1 Bf5 8. Bxf5 Nxf5 9. Qd3 Nh4 10. Ng5 Ng6
11. Nc3 c6 12. Bd2 Nd7 13. Re2 Qc7 14. g3 Rae8 15. Rae1 Nf6 16. Nf3 Qd7 17. Ne5 Qc7 18. Ng4 Qd7 19. Nxf6+ gxf6 20. Rxe8 Rxe8
21. Rxe8+ Qxe8 22. Nd1 Qe6 23. Ne3 Ne7 24. f4 Qe4 25. Qxe4 dxe4 26. f5 Nd5 27. c4 Bb4 28. Nxd5 Bxd2 29. Nxf6+ Kg7 30. Nxe4 Be3+
31. Kg2 Bxd4 32. b3 b5 33. cxb5 cxb5 34. Nd6 b4 35. Ne8+ Kf8 36. Nc7 Ke7 37. Nd5+ Kd6 38. Nxb4 Bc3 39. Nd3 Kd5 40. Kf3 Kd4
41. Nf4
1-0

[Event "Autumn Tournament 2016"]
[Site "SchemingMind.com"]
[Date "2016.09.09"]
[Round "-"]
[White "David Perna-Fraser"]
[Black "milu"]
[Result "1-0"]
[WhiteCountry "CAN"]
[BlackCountry "ESP"]
[WhiteElo "2361"]
[WhiteRD "76"]
[BlackElo "1599"]
[BlackRD "81"]
[GameID "403389"]

1. e4 e5 2. Nf3 d6 3. d4 exd4 4. Nxd4 Nf6 5. Nc3 Qe7 6. Bd3 Bg4 7. f3 Be6 8. O-O Nc6 9. Bb5 Bd7 10. Bxc6 bxc6
11. Re1 Qe5 12. f4 Qh5 13. Qd3 Be7 14. e5 dxe5 15. Rxe5 Qg6 16. Qe2 c5 17. Rxe7+ Kd8 18. Nf3 Be6 19. Ne5 Qh5 20. Nc6+ Kc8
21. Qa6#
1-0

[Event "Autumn Tournament 2016"]
[Site "SchemingMind.com"]
[Date "2016.09.09"]
[Round "-"]
[White "milu"]
[Black "David Perna-Fraser"]
[Result "0-1"]
[WhiteCountry "ESP"]
[BlackCountry "CAN"]
[WhiteElo "1576"]
[WhiteRD "81"]
[BlackElo "2323"]
[BlackRD "72"]
[GameID "403390"]

1. e4 e5 2. Bc4 Nf6 3. d3 Nc6 4. Nf3 Be7 5. Ng5 O-O 6. c3 d5 7. exd5 Nxd5 8. Ne4 f5 9. Ng3 Be6 10. Qf3 Qd7
11. O-O Rad8 12. Be3 f4 13. Bxf4 Rxf4 14. Qe2 Rxc4 15. dxc4 Nf4 16. Qe1 Bxc4 17. Na3 Bxa3 18. bxa3 Qd5 19. Qe4 Qxe4 20. Nxe4 Bxf1
21. Rxf1 Ne7 22. Nc5 b6 23. Ne4 Rd3 24. Re1 Ne2+ 25. Kf1 Nxc3 26. Nxc3 Rxc3 27. Rxe5 Ng6 28. Re3 Rxe3 29. fxe3 Kf7 30. Ke2 Ke6
31. Kd3 Nh4 32. g3 Nf3 33. h4 h5 34. Ke4 Nd2+ 35. Kf4 c5 36. Kg5 c4 37. Kxh5 c3 38. Kg6 c2 39. h5 c1=Q 40. g4 Qc7
41. e4 Qf7+ 42. Kh7 g5+ 43. Kh6 Nxe4 44. a4 Kf6 45. a5 Qg7#
0-1

[Event "Autumn Tournament 2016"]
[Site "SchemingMind.com"]
[Date "2016.09.08"]
[Round "-"]
[White "David Perna-Fraser"]
[Black "flyinduck"]
[Result "1-0"]
[WhiteCountry "CAN"]
[BlackCountry "CAN"]
[WhiteElo "2352"]
[WhiteRD "74"]
[BlackElo "2053"]
[BlackRD "55"]
[GameID "403391"]

1. e4 e5 2. Nf3 Nf6 3. Nxe5 d6 4. Nf3 Nxe4 5. Nc3 Nxc3 6. dxc3 Be7 7. Be3 O-O 8. Qd2 Nc6 9. O-O-O Ne5 10. h4 Nxf3
11. gxf3 Be6 12. h5 c5 13. Rg1 Kh8 14. Bd3 Bxa2 15. Bh6 Rg8 16. Bxg7+ Rxg7 17. Rxg7 Kxg7 18. Rg1+
1-0

[Event "Autumn Tournament 2016"]
[Site "SchemingMind.com"]
[Date "2016.09.09"]
[Round "-"]
[White "flyinduck"]
[Black "David Perna-Fraser"]
[Result "0-1"]
[WhiteCountry "CAN"]
[BlackCountry "CAN"]
[WhiteElo "2033"]
[WhiteRD "56"]
[BlackElo "2361"]
[BlackRD "76"]
[GameID "403392"]

1. d4 Nf6 2. Bg5 c5 3. Nc3 d5 4. Bxf6 exf6 5. e4 dxe4 6. d5 f5 7. f3 Bd6 8. Bb5+ Nd7 9. Qe2 O-O 10. O-O-O Nf6
11. fxe4 a6 12. e5 axb5 13. exd6 b4 14. Nb5 Rxa2 15. Kb1 Qa5 16. Na3 Rxb2+
0-1

[Event "Autumn Tournament 2016"]
[Site "SchemingMind.com"]
[Date "2016.09.09"]
[Round "-"]
[White "David Perna-Fraser"]
[Black "JAHI"]
[Result "1-0"]
[WhiteCountry "CAN"]
[BlackCountry "INT"]
[WhiteElo "2242"]
[WhiteRD "72"]
[BlackElo "2092"]
[BlackRD "74"]
[GameID "403393"]

1. e4 g6 2. d4 Bg7 3. Nf3 c6 4. c3 a6 5. Bd3 a5 6. O-O b6 7. e5 d6 8. Na3 d5 9. Bg5 f6 10. Bf4 Na6
11. Re1 f5 12. e6 Nc7 13. Bxf5 Nh6 14. Bxh6 Bxh6 15. Ne5 Rf8 16. Nf7 Rxf7 17. exf7+ Kxf7 18. Bxc8 Rxc8 19. Nc2 Kg8 20. Qg4 e6
21. h4 Qf6 22. h5 Qf5 23. Qxf5 gxf5 24. Re2 c5 25. Rae1 Kf7 26. c4 dxc4 27. dxc5 b5 28. Nd4 a4 29. c6 Re8 30. Re5 Bg7
31. Nxb5 Bxe5 32. Rxe5 Nxb5 33. Rxb5 c3 34. b3 Ke7 35. Rc5 Kd6 36. Rxc3 Kc7 37. bxa4 f4 38. a5 e5 39. a6 Ra8 40. Rc5 Rxa6
41. Rxe5 Rxa2 42. Re7+ Kxc6 43. Rxh7 Kd6 44. h6 Ke6 45. Rg7 Ra5 46. h7 Rh5 47. Ra7 Kf6 48. Kf1 f3 49. gxf3 Kg6 50. Ke2 Rh1
51. f4 Rh3 52. f3 Rh2+ 53. Ke3 Kf6 54. Ke4 Re2+ 55. Kd5 Rd2+ 56. Kc6 Rd8 57. Rd7 Ra8 58. Rc7 Rd8 59. Rd7 Ra8 60. Kc7 Rh8
61. Kd6 Rc8 62. f5 Ra8 63. Re7 Rd8+ 64. Rd7 Rh8 65. Re7 Rd8+ 66. Kc7 Rf8 67. Kd7 Kxf5 68. Rg7 Kf6 69. Re7 Rh8 70. Re6+ Kg5
71. Re7 Kf6 72. Kd6 Rd8+ 73. Rd7 Ra8 74. f4 Kg6 75. Kc6 Kf6 76. Ra7 Rd8 77. Kc5 Kf5 78. Rf7+ Ke6 79. Rg7 Rh8 80. Kd4 Kf6
81. Rb7 Re8 82. Kd3 Kf5 83. Ra7 Kf6 84. Kd4 Kg6 85. Rb7 Kf6 86. Kd3 Kf5 87. Rg7 Rh8 88. Ke3 Ke6 89. Ke4 Kf6 90. Ra7 Rd8
91. Kf3 Rb8 92. Kg4 Kg6 93. f5+ Kf6 94. Kh5 Rh8 95. Kh6 Rb8 96. Rg7 Kxf5 97. Rg8 Rb6+ 98. Kh5 Rb1 99. Rf8+ Ke4 100. h8=Q Rh1+
101. Kg6 Rxh8 102. Rxh8 Ke5 103. Re8+ Kd4 104. Kf5 Kd5 105. Rd8+ Kc4 106. Ke5 Kc5 107. Rc8+ Kb5 108. Kd6 Kb4 109. Kd5 Kb3 110. Kd4 Kb4
111. Rb8+ Ka5 112. Kc4 Ka6 113. Rb1 Ka5 114. Rb2 Ka6 115. Kc5 Ka7 116. Kc6 Ka8 117. Kc7 Ka7 118. Ra2#
1-0

[Event "Autumn Tournament 2016"]
[Site "SchemingMind.com"]
[Date "2016.09.09"]
[Round "-"]
[White "JAHI"]
[Black "David Perna-Fraser"]
[Result "0-1"]
[WhiteCountry "INT"]
[BlackCountry "CAN"]
[WhiteElo "2102"]
[WhiteRD "71"]
[BlackElo "2263"]
[BlackRD "74"]
[GameID "403394"]

1. g3 e5 2. Bg2 d5 3. c3 Nf6 4. a3 c5 5. a4 Nc6 6. b3 Be7 7. Na3 O-O 8. Nc2 Be6 9. Ba3 d4 10. Qb1 dxc3
11. dxc3 Na5 12. c4 Qb6 13. Ne3 Nxb3 14. Ra2 Qa5+ 15. Kf1 Nd2+ 16. Rxd2 Qxd2 17. Nf3 Qd6 18. Ng5 Rfd8 19. Bf3 h6 20. Nxe6 Qxe6
21. Bb2 Rd6 22. Bd5 Nxd5 23. Nxd5 Rxd5 24. cxd5 Qxd5 25. f3 c4 26. Bc3 Bc5 27. Kg2 Rd8 28. g4 Bd4 29. Rd1 Rd6 30. Qb5 Qxb5
31. axb5 Re6 32. Rc1 Bxc3 33. Rxc3 Rb6 34. Rxc4 Rxb5 35. Kf2 a5 36. Ke3 Kf8 37. Rc8+ Ke7 38. Kd3 Rb6 39. Ra8 Ra6 40. Rb8 Rb6
41. Ra8 Rd6+ 42. Kc4 b6 43. Ra7+ Rd7 44. Ra6 Rd4+ 45. Kc3 Rb4 46. Ra7+ Ke6 47. Ra8 Rb1 48. Kc2 Re1 49. Kd3 Rh1 50. h3 Kf6
51. h4 Rxh4 52. Ra6 Kg5 53. Rxb6 f5 54. gxf5 Kxf5 55. Rb7 Rd4+ 56. Kc3 g6 57. Rf7+ Kg5 58. Re7 Kf6 59. Ra7 a4 60. Ra6+ Kf5
61. e3 Rd1 62. Rxa4 Rf1 63. Rh4 Rxf3 64. Rxh6 Rxe3+ 65. Kd2 Rg3 66. Rh8 g5 67. Ke2 e4 68. Rf8+ Kg4 69. Re8 e3 70. Rh8 Rh3
71. Rc8 Kg3 72. Rg8 g4 73. Rg6 Rh1 74. Kxe3 Re1+ 75. Kd3 Kf3 76. Rf6+ Kg2 77. Kd2 Re5 78. Kd3 g3 79. Rc6 Kf1 80. Kd4 Re2
81. Rf6+ Kg1 82. Rf3 g2 83. Rf8 Kh2 84. Kd3 Re5 85. Rg8 g1=Q 86. Rxg1 Kxg1 87. Kd4 Re8 88. Kd5 Kf2 89. Kd4 Kf3 90. Kd5 Kf4
91. Kd4 Rd8+ 92. Kc5 Ke4 93. Kc4 Rc8+ 94. Kb4 Kd5 95. Kb3 Kd4 96. Kb4 Rb8+ 97. Ka5 Kc5 98. Ka4 Rb7 99. Ka3 Kc4 100. Ka2 Kc3
101. Ka1 Kc2 102. Ka2 Ra7#
0-1